Statistics for Cities in the Holy Roman Empire (with Map!)

Click here to take the quiz!

General Stats

  • This quiz has been taken 1,265 times
  • The average score is 29 of 40

Answers on the Map

Answers color-coded by a green-red scale on the quiz's map according to % correct below.
 

Answer Stats

PopulationCity% Correct
3 748 148Berlin
97%
2 856 133Rome
96%
1 841 179Hamburg
95%
1 911 728Vienna
95%
873 555Amsterdam
93%
1 404 239Milan
93%
1 471 508Munich
92%
1 324 277Prague
90%
1 208 542Brussels
88%
753 056Frankfurt
87%
580 097Genoa
86%
1 085 664Cologne
85%
862 211Marseille
81%
651 870Rotterdam
81%
875 698Turin
81%
378 839Florence
80%
342 637Nice
80%
415 367Zürich
80%
569 352Bremen
79%
525 935Antwerp
76%
554 649Dresden
75%
545 273The Hague
75%
619 294Düsseldorf
74%
515 695Lyon
72%
538 068Hanover
68%
518 365Nuremberg
68%
634 830Stuttgart
68%
587 857Leipzig
67%
390 636Bologna
64%
357 676Utrecht
64%
587 010Dortmund
61%
583 393Essen
61%
327 258Bonn
55%
381 346Brno
53%
314 319Münster
42%
498 590Duisburg
38%
333 786Bielefeld
36%
313 092Karlsruhe
33%
354 382Wuppertal
31%
364 628Bochum
29%

Score Distribution

Percentile by Number Answered

Percent of People with Each Score

Your Score History

You have not taken this quiz